Every City to Serve as State Capital - Statistics

General Stats
  • This quiz has been taken 28 times
    25 since last reset
  • The average score is 64 of 98
Answer Stats
State Year City % Correct
New York 1797-present Albany
95%
Georgia 1868-present Atlanta
95%
Georgia 1788-1796 Augusta
95%
Maine 1827-present Augusta
95%
Texas 1845-present Austin
95%
Louisiana 1849-1864 Baton Rouge
95%
Louisiana 1882-present Baton Rouge
95%
Idaho 1890-present Boise
95%
Massachusetts 1788-present Boston
95%
Iowa 1857-present Des Moines
95%
Pennsylvania 1812-present Harrisburg
95%
Indiana 1825-present Indianapolis
95%
Alaska 1959-present Juneau
95%
Nebraska 1867-present Lincoln
95%
Arkansas 1836-present Little Rock
95%
Alabama 1846-present Montgomery
95%
Tennessee 1812-1817 Nashville
95%
Tennessee 1826-present Nashville
95%
New York 1788-1797 New York City
95%
Pennsylvania 1787-1799 Philadelphia
95%
Arizona 1912-present Phoenix
95%
Rhode Island 1790-present Providence
95%
North Carolina 1794-present Raleigh
95%
California 1854-present Sacramento
95%
Utah 1896-present Salt Lake City
95%
New Mexico 1912-present Santa Fe
95%
Florida 1845-present Tallahassee
95%
Maryland 1788-present Annapolis
90%
North Dakota 1889-present Bismark
90%
Nevada 1864-present Carson City
90%
Wyoming 1890-present Cheyenne
90%
South Carolina 1788-present Columbia
90%
Ohio 1816-present Columbus
90%
New Hampshire 1808-present Concord
90%
Michigan 1837-1847 Detroit
90%
Delaware 1787-present Dover
90%
Connecticut 1788-present Hartford
90%
Montana 1889-present Helena
90%
Hawaii 1959-present Honolulu
90%
Mississippi 1821-present Jackson
90%
Missouri 1826-present Jefferson City
90%
Wisconsin 1848-present Madison
90%
Vermont 1805-present Montpelier
90%
Louisiana 1812-1830 New Orleans
90%
Louisiana 1831-1849 New Orleans
90%
Louisiana 1864-1882 New Orleans
90%
Washington 1889-present Olympia
90%
South Dakota 1889-present Pierre
90%
Virginia 1788-present Richmond
90%
Oregon 1859-present Salem
90%
Illinois 1839-present Springfield
90%
Kansas 1861-present Topeka
90%
New Jersey 1787-present Trenton
90%
West Virginia 1870-1875 Charleston
86%
West Virginia 1885-present Charleston
86%
Colorado 1876-present Denver
86%
Kentucky 1792-present Frankfort
86%
Michigan 1847-present Lansing
86%
Oklahoma 1910-present Oklahoma City
86%
Maine 1820-1827 Portland
86%
Minnesota 1858-present St. Paul
86%
Alabama 1819-1820 Huntsville
71%
Tennessee 1807-1812 Knoxville
71%
Tennessee 1817-1818 Knoxville
71%
Connecticut 1788-1875* New Haven
67%
Iowa 1846-1857 Iowa City
62%
Georgia 1864-1865 Macon
57%
California 1850-1852 San Jose
52%
West Virginia 1863-1870 Wheeling
38%
West Virginia 1875-1885 Wheeling
38%
Rhode Island 1790-1899* Newport
33%
North Carolina 1789-1794 Fayetteville
24%
Pennsylvania 1799-1812 Lancaster
24%
Alabama 1826-1846 Tuscaloosa
24%
Tennessee 1807 Kingston
19%
Tennessee 1818-1826 Murfreesboro
19%
Georgia 1796-1807 Louisville
14%
Georgia 1807-1864 Milledgeville
14%
Georgia 1865-1868 Milledgeville
14%
Mississippi 1817-1821 Natchez
14%
Ohio 1803-1810 Chillicothe
10%
Ohio 1812-1816 Chillicothe
10%
Indiana 1816-1825 Corydon
10%
Rhode Island 1790-1854* East Greenwich
10%
Vermont 1791-1805 Windsor
10%
Rhode Island 1790-1854* Bristol
5%
Louisiana 1830-1831 Donaldsonville
5%
New Hampshire 1788-1808 Exeter
5%
Oklahoma 1907-1910 Guthrie
5%
Illinois 1818-1820 Kaskaskia
5%
Missouri 1821-1826 St. Charles
5%
California 1852-1853 Vallejo
5%
Illinois 1820-1839 Vandalia
5%
Ohio 1810-1812 Zanesville
5%
California 1853-1854 Benicia
0%
Alabama 1820-1826 Cahawba
0%
Rhode Island 1790-1854* South Kingstown
0%
Tennessee 1796-1807 White's FortKnoxville
0%
No matching quizzes found
Score Distribution
Percent of People with Each Score
Percentile by Number Answered
Your Score History
You have not taken this quiz since the last reset